History Quiz

Random History or Clickable Quiz
Score 0/20 Timer 07:00
3 Plays Today
% Correct
Execution of Mary, Queen of Scots, 1587
89.9%
Vikings Discover America, c. 1000
89.3%
Making an Ancient Egyptian Mummy, c. 450 BC
88.3%
Aboard the Mayflower, 1620
85.7%
Writing the Declaration of Independence, 1776
85.4%
Entering the Forbidden City of Mecca, 1853
84%
Visit to the Red Light District, 1843
82.7%
Irish Potato Famine, 1847
82.6%
Bataan Death March, 1942
79%
Julius Caesar Crosses the Rubicon, 49 BC
77.9%
% Correct
A Portrait of New York City, 1679
77.2%
Conquest of Everest, 1953
74.7%
Christmas in the Trenches, 1914
68.9%
Richard the Lionheart Massacres the Saracens, 1191
62.6%
Flagellants Attempt to Repel the Black Death, 1349
62.5%
Fall of Rome, c. AD 406
61.5%
Battle of Waterloo, 1815
61.1%
America Sends Syphilis to Europe, 1493
58.6%
The Red Baron Scores Two Victories, 1917
51.9%
Revolutionary Tribunal, Paris, 1793
50.4%
Remove Ads.
Support Sporcle.
Get the best of Sporcle when you Go Orange. This ad-free experience offers more features, more stats, and more fun while also helping to support Sporcle. Thank you for becoming a member.

You're not logged in!

Compare scores with friends on all Sporcle quizzes.
OR
Log In

Show Comments

Extras

Top Quizzes Today


Score Distribution

Your Account Isn't Verified!

In order to create a playlist on Sporcle, you need to verify the email address you used during registration. Go to your Sporcle Settings to finish the process.

Report this User

Report this user for behavior that violates our Community Guidelines.

Details: